[Event "POL-chT3 Dolnoslaskie 1415"]
[Site "Poland"]
[Date "2015.02.08"]
[Round "6.29"]
[White "Stelmaszuk, Maciej"]
[Black "Szkop, Robert"]
[Result "1-0"]
[WhiteElo "1683"]
[BlackElo "1658"]
[PlyCount "125"]
[EventDate "2014.10.26"]
[EventType "team-tourn"]
[EventRounds "11"]
[EventCountry "POL"]
[SourceTitle "EXT 2018"]
[Source "ChessBase"]
[SourceDate "2017.10.13"]
[SourceVersion "1"]
[SourceVersionDate "2017.10.13"]
[SourceQuality "1"]
[WhiteTeam "Olawa MGLKS Parnas"]
[BlackTeam "Przedwojow Debiut"]
[WhiteTeamCountry "POL"]
[BlackTeamCountry "POL"]

1. d4 d5 2. c4 c6 3. Nc3 Nf6 4. Nf3 e6 5. e3 Bb4 6. Qb3 Bxc3+ 7. Qxc3 0-0 8. Be2 Nbd7 9. 0-0 Ne4 10. Qc2 Ndf6 11. b3 h6 12. Ne5 Nd7 13. Nd3 dxc4 14. Qxc4 Nb6 15. Qc2 Nd5 16. Bb2 Qg5 17. Bf3 Nd6 18. e4 Nb6 19. a4 Rd8 20. Bc1 Qe7 21. Ba3 Qg5 22. a5 Nb5 23. axb6 Nxd4 24. Qd1 Qb5 25. Ne1 Qxb6 26. Bb2 e5 27. Bxd4 exd4 28. Nd3 Be6 29. Rb1 Qa5 30. Bg4 c5 31. Bxe6 fxe6 32. b4 cxb4 33. Rxb4 Rac8 34. Rxb7 Qa6 35. Rb3 Qa2 36. Qb1 Qe2 37. Re1 Qd2 38. Rb2 Qc3 39. Rd1 a5 40. h3 Qc6 41. f3 Qd6 42. Rb6 Qd7 43. Qa2 Rc6 44. Rxc6 Qxc6 45. Qxa5 Ra8 46. Qc5 Qa4 47. Nf2 Rd8 48. Qe5 Qc4 49. Qa5 Rb8 50. Qa7 Rb5 51. Qe7 Rb2 52. Qd8+ Kh7 53. Qxd4 Qc2 54. e5 Kg8 55. Qd8+ Kf7 56. Qd7+ Kf8 57. Qa7 Kg8 58. Qd4 Rb5 59. Qe4 Qa2 60. Rd8+ Kf7 61. Rd7+ Ke8 62. Qc6 Qa1+ 63. Rd1+ 1-0

[Event "POL-chT3 Dolnoslaskie 1415"]
[Site "Poland"]
[Date "2014.12.14"]
[Round "4.29"]
[White "Szkop, Robert"]
[Black "Walada, Mariusz"]
[Result "1-0"]
[WhiteElo "1658"]
[BlackElo "1371"]
[PlyCount "45"]
[EventDate "2014.10.26"]
[EventType "team-tourn"]
[EventRounds "11"]
[EventCountry "POL"]
[SourceTitle "EXT 2018"]
[Source "ChessBase"]
[SourceDate "2017.10.13"]
[SourceVersion "1"]
[SourceVersionDate "2017.10.13"]
[SourceQuality "1"]
[WhiteTeam "Przedwojow Debiut"]
[BlackTeam "Lubin Miedziany Skoczek"]
[WhiteTeamCountry "POL"]
[BlackTeamCountry "POL"]

1. e4 c5 2. Nf3 Nc6 3. d4 cxd4 4. Nxd4 e6 5. Nc3 Bb4 6. Nxc6 Bxc3+ 7. bxc3 bxc6 8. Bd3 d5 9. exd5 cxd5 10. 0-0 Nf6 11. Ba3 Qc7 12. Qf3 Bd7 13. c4 Bc6 14. cxd5 Bxd5 15. Bb5+ Kd8 16. Qe3 Ng4 17. Qg5+ Nf6 18. c4 Be4 19. Qxg7 Rg8 20. Qxf6+ Kc8 21. f3 Bb7 22. Rad1 Rg6 23. Qh8+ 1-0

[Event "POL-chT3 Dolnoslaskie 1314"]
[Site "Poland"]
[Date "2013.10.20"]
[Round "1.10"]
[White "Dzieczkaniec, Wieslaw"]
[Black "Szkop, Robert"]
[Result "1/2-1/2"]
[WhiteElo "1875"]
[BlackElo "1612"]
[PlyCount "85"]
[EventDate "2013.10.20"]
[EventType "team-tourn"]
[EventRounds "11"]
[EventCountry "POL"]
[SourceTitle "EXT 2018"]
[Source "ChessBase"]
[SourceDate "2017.10.13"]
[SourceVersion "1"]
[SourceVersionDate "2017.10.13"]
[SourceQuality "1"]
[WhiteTeam "Polanica Zdroj KSz"]
[BlackTeam "Przedwojow Debiut"]
[WhiteTeamCountry "POL"]
[BlackTeamCountry "POL"]

1. d4 d5 2. c4 Nf6 3. Nc3 c6 4. Bg5 e6 5. e3 Be7 6. Nf3 Nbd7 7. Qc2 dxc4 8. Bxc4 Nb6 9. Bd3 h6 10. Bh4 Nbd5 11. a3 0-0 12. Bg3 Re8 13. e4 Nb6 14. Rd1 Nh5 15. 0-0 Rf8 16. Qe2 f5 17. exf5 exf5 18. Be5 Bf6 19. Bb1 Be6 20. Nd2 Bxe5 21. Qxh5 Bc7 22. Rfe1 Qf6 23. Nf3 Rad8 24. Ne5 Nd5 25. g3 f4 26. Nxd5 Bxd5 27. Ng4 Qg5 28. Qxg5 hxg5 29. Ne5 Rfe8 30. Bc2 c5 31. dxc5 Rxe5 32. Rxe5 Bxe5 33. Rxd5 Rxd5 34. Bb3 Bxb2 35. Bxd5+ Kf8 36. a4 b6 37. cxb6 axb6 38. Kg2 Ke7 39. Kf3 Kd6 40. Ke4 Kc5 41. Bf7 fxg3 42. fxg3 Kb4 43. Be8 1/2-1/2